[Event "Wisla op (Women)"]
[Site "Warsaw"]
[Date "1995.??.??"]
[Round "?"]
[White "Erneste, Inguna"]
[Black "Sanchez Buitrago, J."]
[Result "1/2-1/2"]
[WhiteElo "2240"]
[BlackElo "2335"]
[PlyCount "61"]
[EventDate "1995.??.??"]
[EventType "swiss"]
[EventRounds "9"]
[EventCountry "POL"]
[SourceTitle "EXT 2006"]
[Source "ChessBase"]
[SourceDate "2005.11.24"]
[SourceVersion "1"]
[SourceVersionDate "2005.11.24"]
[SourceQuality "1"]

1. e4 c5 2. Nc3 Nc6 3. f4 e6 4. Nf3 Nge7 5. g3 d5 6. d3 d4 7. Ne2 g6 8. Bg2 Bg7 9. 0-0 0-0 10. a3 a5 11. a4 b6 12. Nd2 Ba6 13. f5 exf5 14. exf5 gxf5 15. Nf4 Rc8 16. Nc4 Bxc4 17. dxc4 d3 18. cxd3 Nb4 19. Ra3 Qd4+ 20. Kh1 Rcd8 21. Rb3 Qd7 22. Ra3 Nec6 23. Qh5 Nd4 24. Nd5 Nxd5 25. Bxd5 Rde8 26. Bh6 Qd6 27. Bf4 Be5 28. Bh6 Bg7 29. Bf4 Be5 30. Bh6 Bg7 31. Bf4 1/2-1/2

[Event "Wisla op (Women)"]
[Site "Warsaw"]
[Date "1995.??.??"]
[Round "?"]
[White "Sokalskaja, Elena"]
[Black "Sanchez Buitrago, J."]
[Result "0-1"]
[WhiteElo "2110"]
[BlackElo "2335"]
[PlyCount "76"]
[EventDate "1995.??.??"]
[EventType "swiss"]
[EventRounds "9"]
[EventCountry "POL"]
[SourceTitle "EXT 2006"]
[Source "ChessBase"]
[SourceDate "2005.11.24"]
[SourceVersion "1"]
[SourceVersionDate "2005.11.24"]
[SourceQuality "1"]

1. e4 c5 2. Nc3 d6 3. f4 Nc6 4. Nf3 Nf6 5. Bb5 Bd7 6. d3 g6 7. 0-0 Bg7 8. Bxc6 Bxc6 9. Qe1 Nd7 10. Kh1 Qb6 11. Rb1 0-0-0 12. Be3 Qc7 13. a3 b6 14. Nd5 Bxd5 15. exd5 Nf6 16. c4 Rhe8 17. b4 e6 18. dxe6 Rxe6 19. Qc1 Ng4 20. Bg1 Rde8 21. a4 Ne3 22. Re1 Nf5 23. Rxe6 Rxe6 24. Qd2 Qe7 25. bxc5 dxc5 26. Re1 Rxe1 27. Qxe1 Qxe1 28. Nxe1 Kb7 29. a5 Bc3 30. Nf3 Bxa5 31. Ng5 Bd2 32. Nxf7 Bxf4 33. g3 Bc7 34. Ng5 a5 35. Ne4 Be5 36. Nd2 a4 37. g4 Nd4 38. Nb1 Nc2 0-1